000 00313nam a2200097Ia 4500
008 180130s9999 xx 000 0 und d
245 _cHorton, Peter
_aThe role of the coach
260 _c2015
300 _aBook title: Practical sports coaching--Acession number C20229; pages 3 - 15
650 _aCOACHING (ATHLETICS)
999 _c354563
_d354563